000 00489nam a2200205Ia 4500
003 OSt
005 20260226150607.0
008 210210b1933 xxu||||| |||| 00| 0 eng d
040 _cAL
041 _aeng
082 _a829/998
100 _aShorthouse J H
_9256841
245 _aJohn inglesant
260 _aLondon
_bMacmillan & Co. Ltd.
_c1933
650 _aJohn
_9256842
650 _ainglesant
_9256843
690 _aEnglish Fiction
_9256844
906 _a017613
942 _2ddc
_cBK
999 _c137597
_d137597